My Chemical Romance Bulletproof Heart lyrics - Statistics

General Stats
  • This quiz has been taken 287 times
  • The average score is 322 of 442
Answer Stats
Answer % Correct
a
99%
go
99%
got
99%
you
99%
You
99%
I
98%
bulletproof
97%
heart
97%
the
95%
The
95%
to
95%
do
94%
I've
94%
me
94%
Me
94%
And
92%
and
92%
don't
92%
Run
92%
run
92%
who
92%
Who
92%
smile
91%
are
90%
Are
90%
away
90%
Away
90%
be
90%
it
90%
we
90%
We
90%
much
89%
too
89%
mean
88%
after
87%
from
87%
From
87%
Gravity
87%
here
85%
I'm
85%
On
85%
could
83%
these
83%
like
82%
pigs
82%
this
82%
This
82%
was
82%
yesterday
82%
get
80%
in
78%
know
78%
come
76%
home
76%
let
76%
back
75%
when
75%
save
73%
Cause
71%
cause
71%
one
71%
Ever
70%
ever
70%
again
69%
can
69%
town
69%
knows
67%
hole
66%
hollow-point
66%
of
66%
out
66%
mile
65%
we'll
64%
your
64%
everybody
63%
say
63%
getaway
62%
Let's
62%
blow
61%
they
61%
want
59%
Want
59%
How
58%
how
58%
Jenny
58%
So
58%
dream
57%
laser
57%
photograph
57%
with
57%
if
54%
talking
54%
beam
52%
embrace
52%
will
52%
Will
52%
Yeah
52%
bullet's
51%
my
51%
place
48%
runaway
48%
Then
47%
I'll
46%
care
45%
head
45%
won't
44%
Johnny
43%
our
42%
company
41%
room
40%
Because
39%
really
39%
there
39%
Is
37%
is
37%
us
37%
scars
36%
getting
34%
God
33%
black
31%
hopeless
31%
papers
31%
shooting
31%
right
30%
feeling
29%
hate
29%
preaching
29%
Stop
29%
sure
29%
it's
28%
tell
28%
going
27%
not
27%
truth
27%
Gunning
25%
or
25%
Or
25%
reeling
25%
comes
24%
end
23%
cramped
22%
give
21%
kind
21%
Hold
20%
up
20%
darkness
19%
standing
19%
though
19%
gets
18%
hot
18%
into
18%
leave
18%
left
18%
motor
18%
yourself
18%
light
17%
ready
17%
world
17%
Coming
15%
shine
15%
stranded
13%
wants
12%
destiny
11%
ones
11%
aren't
8%
fail
5%
rock
4%
No matching quizzes found
Score Distribution
Percent of People with Each Score
Percentile by Number Answered
Your Score History
You have not taken this quiz